00991nab a22002177a 4500003000400000005001700004008004100021040000700062100003700069245013000106260004400236300001500280505023900295650002600534650002900560650003600589650002800625773009200653942001300745999001500758OSt20191029062726.0190509b xxu||||| |||| 00| 0 spa d cPJ aDíaz Solimine, Omar Luis9241310aAspectos diferenciales de la medida cautelar, la tutela anticipada y la medida autosatisfactiva /cOmar Luis Díaz Solimine. aSanta Fe :bRubinzal - Culzoni, c2014. ap. 491-546 aI. Las medidas cautelares en general. II. La tutela anticipada. III. Medida autosatisfactiva. IV. Las medidas autosatisfactivas en la jurisprudencia. V. Breve comparación: medida cautelar, tutela anticipada, medida autosatisfactiva. 09267aDERECHO PROCESAL 091051aMEDIDAS CAUTELARES 094222aMEDIDAS AUTOSATISFACTIVAS 094233aTUTELA ANTICIPADA0 0278893211b2a. ed. amp. y act.o6435tMedidas autosatisfactivas. Tomo Iz9789873004261 2udccART c2810d2810